01014nam a2200325uu 4500001000800000005001700008008004100025035001200066035002100078040001300099041000800112080000900120100004400129245003400173260007900207300001400286650001600300650002600316650003900342650004100381650003200422650001600454650002500470650001600495650002400511700004200535700004300577700002900620700003900649103510720260507074919.0070628e20010701 spa  a1035107 a(OCoLC)777626847 ccomduadb aspa aP/GI10aPalacio Roldan, Luis Fernando4reseres10aPsicoanálisis y toxicomania aMedellín :bUniversidad de Antioquia, Departamento de Psicologia,c2001. a308 hojas aToxicomania 7aPsicoanálisis2lemb aInvestigación en psicoanálisis 7aPsicologíaxInvestigaciones 2lemb aInformes de investigación aToxicomanos 7aDrogadicción2lemb aAbstinencia aToxicomanos - Casos10aCorrea Uribe, Jorge Enrique4reseres10aSerna Gomez, Sandra Patricia4clbeclb10aZabala, Yvonne4clbeclb10aLeón López, Patricia4clbeclb